Rulers & Presidents of the Maldives by Picture - Statistics

General Stats
  • This quiz has been taken 17 times
    4 since last reset
  • The average score is 7 of 13
Answer Stats
Picture Hint Answer % Correct
1968-1978 Ibrahim Nasir
100%
1978-2008 Maumoon Abdul Gayoom
100%
2008-2012 Mohamed Nasheed
100%
1953 Mohamed Amin Didi
67%
2013-2018 Abdulla Yameen
33%
1935-1942 Hassan Nooraddeen II
33%
2018-2023 Ibrahim Mohamed Solih
33%
1953-1954 Ibrahim Muhammad Didi
33%
2023-Present Mohamed Muizzu
33%
2012-2013 Mohammed Waheed Hassan
33%
1954-1968 Muhammad Fareed Didi
33%
1893-1902 Muhammad Imaaduddeen VI
33%
1893 | 1902-1934 Muhammad Shamsuddeen III
33%
No matching quizzes found
Score Distribution
Percent of People with Each Score
Percentile by Number Answered
Your Score History
You have not taken this quiz since the last reset